La red telefónica y otras redes para telefonía

Guardat en:
Dades bibliogràfiques
Autor principal: Espinosa Espinosa, Roberto (Autor)
Format: Llibre
Idioma:espanyol
Publicat: Bogotá Arfo 1999
Matèries:
Etiquetes: Afegir etiqueta
Sense etiquetes, Sigues el primer a etiquetar aquest registre!

MARC

LEADER 00000nam a2200000 a 4500
001 UCM5072
003 CL-VaPUC
008 020927e19990000CK |||||||||||||||||spa|d
082 0 4 |a 384.6  |b ESP  |2 21 
100 0 |a Espinosa Espinosa, Roberto  |e author  |9 471399 
245 1 3 |a La red telefónica y otras redes para telefonía 
300 |a 272 p 
942 |c BK 
945 |d 20020927 00:00:00  |a cmena 
260 |a Bogotá  |b Arfo  |c 1999 
650 0 |a Telecomunicaciones   |9 257195 
650 7 |a REDES TELEFONICAS  |2 CL-VaPUC  |9 471400 
650 7 |a REDES INTELIGENTES  |2 CL-VaPUC  |9 471401 
650 0 |a Telefonía móvil   |9 471402 
650 7 |a BANDA ANCHA  |2 CL-VaPUC  |9 471403 
650 0 |a Internet   |9 254823 
583 |a last modification  |c 20020927 00:00:00  |k Rodrigo Vera 
999 |c 301370  |d 301368 
952 |0 0  |1 0  |4 0  |6 384_600000000000000_ESP_1999  |7 0  |8 A  |9 360229  |a BIBING  |b BIBING  |d 2019-11-21  |i 383414K  |o 384.6 ESP 1999  |p 383414K  |r 2025-01-20  |w 2019-11-21  |y BK  |k ING